Nghệ thuật làm bố
محفوظ في:
| المؤلف الرئيسي: | |
|---|---|
| التنسيق: | كتاب |
| اللغة: | Undetermined |
| منشور في: |
H.
Thanh Niên
2002
|
| الموضوعات: | |
| الوسوم: |
إضافة وسم
لا توجد وسوم, كن أول من يضع وسما على هذه التسجيلة!
|
| Thư viện lưu trữ: | Trung tâm Học liệu Trường Đại học Cần Thơ |
|---|
| LEADER | 00499nam a2200193Ia 4500 | ||
|---|---|---|---|
| 001 | CTU_54163 | ||
| 008 | 210402s9999 xx 000 0 und d | ||
| 020 | |b 22000 | ||
| 082 | |a 649.1 | ||
| 082 | |b H406 | ||
| 100 | |a Phạm Cao Hoàn | ||
| 245 | 0 | |a Nghệ thuật làm bố | |
| 245 | 0 | |c Phạm Cao Hoàn | |
| 260 | |a H. | ||
| 260 | |b Thanh Niên | ||
| 260 | |c 2002 | ||
| 650 | |a child rearing,children | ||
| 650 | |x education | ||
| 980 | |a Trung tâm Học liệu Trường Đại học Cần Thơ | ||